Statistics for 2013 TCU Winners

Click here to take the quiz!

General Stats

  • This quiz has been taken 19 times
  • The average score is 10 of 12

Answer Stats

QuestionAnswer% Correct
Week 1 at AT&T Stadium
100%
Week 2
100%
Week 5
100%
Week 11
100%
Week 6
80%
Week 7
80%
Week 8
80%
Week 9
80%
Week 10
80%
Week 13
80%
Week 3
60%
Week 12
60%

Score Distribution

Percentile by Number Answered

Percent of People with Each Score

Your Score History

You have not taken this quiz